HS Works Ltd v Enterprise Managed Services Ltd (Record no. 81518)
[ view plain ]
| 000 -LEADER | |
|---|---|
| fixed length control field | 02315cad a22002535a 4500 |
| 001 - CONTROL NUMBER | |
| control field | L147372 |
| 008 - FIXED-LENGTH DATA ELEMENTS--GENERAL INFORMATION | |
| fixed length control field | 090507e20090408xxk f v 000 0 eng d |
| 035 ## - SYSTEM CONTROL NUMBER | |
| System control number | (Sirsi) u147372 |
| 041 0# - LANGUAGE CODE | |
| Language code of text/sound track or separate title | eng |
| 245 04 - TITLE STATEMENT | |
| Title | HS Works Ltd v Enterprise Managed Services Ltd |
| Medium | [electronic resource] |
| 260 ## - PUBLICATION, DISTRIBUTION, ETC. | |
| Date of publication, distribution, etc. | 2009 |
| 520 ## - SUMMARY, ETC. | |
| Summary, etc. | [2009] EWHC 729 (TCC), 8 April 2009. The case relates to a dispute over the value of works and enforcement of adjudicator's decisions. Enterprise Managed services (E) employed HS Works (H) to undertake repair, reinstatement and resurfacing of highways in London. Both companies disagreed on the valuation of the works and the number of contra charges due. H had carried out 51 000 jobs of different value under this contract. The dispute was brought under two separate adjudications. The first adjudication resulted in £1.84m plus VAT and interest due to H for wrongfully withheld contra charges because E did not issue a withholding notice after submission of the final account. The second adjudicator considered that the value of the work was £23.3m, therefore a total of £24.8m minus £1.5m in contra charges. This meant that part of the sum due under the first decision should be repaid. Both companies applied to the court to have the rulings in their favour enforced. "Held": Both decisions were valid and enforceable. The judge considered that what was important was the net effect of the decisions. To calculate the net effect, it would be necessary to take account of the interest position in relation to the payment or non payment of the respective adjudicator's decisions and costs. |
| 590 ## - LOCAL NOTE (RLIN) | |
| Local note | KA |
| 650 24 - SUBJECT ADDED ENTRY--TOPICAL TERM | |
| Topical term or geographic name entry element | HS WORKS LTD V ENTERPRISE MANAGED SERVICES LTD |
| 650 24 - SUBJECT ADDED ENTRY--TOPICAL TERM | |
| Topical term or geographic name entry element | CANTILLON LTD V URVASCO LTD |
| 650 24 - SUBJECT ADDED ENTRY--TOPICAL TERM | |
| Topical term or geographic name entry element | QUARTZELEC LTD V HONEYWELL CONTROL SYSTEMS LTD |
| 650 24 - SUBJECT ADDED ENTRY--TOPICAL TERM | |
| Topical term or geographic name entry element | BALFOUR BEATTY CONSTRUCTION LTD V LAMBETH LBC |
| 650 24 - SUBJECT ADDED ENTRY--TOPICAL TERM | |
| Topical term or geographic name entry element | WILLIAM VERRY (GLAZING SYSTEMS) LTD V FURLONG HOMES LTD |
| 650 24 - SUBJECT ADDED ENTRY--TOPICAL TERM | |
| Topical term or geographic name entry element | CIB PROPERTIES LTD V BIRSE CONSTRUCTION LTD |
| 651 #4 - SUBJECT ADDED ENTRY--GEOGRAPHIC NAME | |
| Geographic name | England and Wales |
| Chronological subdivision | 1543- |
| 690 ## - LOCAL SUBJECT ADDED ENTRY--TOPICAL TERM (OCLC, RLIN) | |
| Topical term or geographic name as entry element | MANAGEMENT-DISPUTE AVOIDANCE, MANAGEMENT AND RESOLUTION-DISPUTE MANAGEMENT AND RESOLUTION-ALTERNATIVE DISPUTE RESOLUTION-ADJUDICATION |
| 856 40 - ELECTRONIC LOCATION AND ACCESS | |
| Uniform Resource Identifier | <a href="https://www.bailii.org/ew/cases/EWHC/TCC/2009/729.html ">https://www.bailii.org/ew/cases/EWHC/TCC/2009/729.html </a> |
| Public note | View the case free of charge at www.bailli.org... |
| 942 ## - ADDED ENTRY ELEMENTS (KOHA) | |
| Suppress in OPAC | 0 |
| Withdrawn status | Lost status | Source of classification or shelving scheme | Damaged status | Not for loan | Home library | Current library | Shelving location | Date acquired | Total Checkouts | Full call number | Barcode | Date last seen | Copy number | Price effective from | Koha item type |
|---|---|---|---|---|---|---|---|---|---|---|---|---|---|---|---|
| Dewey Decimal Classification | Virtual | Virtual | Online | 07/05/2009 | ONLINE JUDGMENT | 147372-2001 | 06/08/2019 | 1 | 06/08/2019 | Law report |